000 00845nas a2200277 4500
001 BR2010000643
003 BR-BrBNA
005 20231205113910.0
007 ta
008 230509b bl.|||p| |||| 00| 00por d
040 _aBR-BrBNA
_bpor
_cBiblioteca Nacional de Agricultura
041 _a(Pt)
072 _aF61
100 1 _aAlves, F.A.L.
100 1 _aSilva, S.L.F. da
100 1 _aSilveira, J.A.G. da
100 1 _aPereira, V.L.A.
245 1 _aMecanismos fisiológicos envolvidos com a diminuição de K+ em raízes de cajueiro caudada po NaCl
650 _aCAJU
650 _aPOTÁSSIO
650 _aSALINIDADE
650 _aSÓDIO
773 0 _tRevista Ciência Agronômica (Brazil)
_xISSN 0045-6888
_g(Oct-Dec 2009), v. 40(4) p. 588-595
_wBR2010000643
909 _a202311
_bLúcia
_c55
_dLúcia Elande
942 _2AGRIS
_n0
_cANA
999 _c206177
_d206177